[Event "EU-ch 24th"]
[Site "Petrovac"]
[Date "2024.11.19"]
[Round "11"]
[White "Wallace, John Paul"]
[Black "Yalcinkaya, Efe"]
[Result "1-0"]
[WhiteElo "2368"]
[BlackElo "2117"]
[PlyCount "81"]
[EventDate "2024.11.08"]
[EventType "swiss"]
[EventRounds "11"]
[EventCountry "MNE"]
[SourceTitle "CB47_2024"]
[SourceDate "2024.11.20"]
[SourceVersion "1"]
[SourceVersionDate "2024.11.20"]
[SourceQuality "1"]

1. Nf3 c5 2. g3 Nc6 3. Bg2 g6 4. e4 Bg7 5. 0-0 e5 6. a3 Nge7 7. Nc3 0-0 8. d3 a6 9. Rb1 b5 10. b4 d6 11. Nh4 Bb7 12. Nd5 cxb4 13. axb4 Nxd5 14. exd5 Ne7 15. c4 h6 16. Re1 g5 17. Nf3 f5 18. Nd2 g4 19. Nb3 Bc8 20. Na5 f4 21. Be4 Nf5 22. Nc6 Qg5 23. c5 Qh5 24. cxd6 f3 25. Ne7+ Kh8 26. h4 Bd7 27. Bxf5 Bxf5 28. Bb2 Bd7 29. Bxe5 Bxe5 30. Rxe5 Qf7 31. Qd2 Qf6 32. Rbe1 Rae8 33. Kh2 Kh7 34. Re6 Bxe6 35. Rxe6 Qg7 36. Qe3 Rf6 37. Qe4+ Kh8 38. Ng6+ Qxg6 39. Rxe8+ Kg7 40. Qxg6+ Kxg6 41. d7 1-0

[Event "EU-ch 24th"]
[Site "Petrovac"]
[Date "2024.11.11"]
[Round "4"]
[White "Sivuk, Vitaly"]
[Black "Wallace, John Paul"]
[Result "0-1"]
[WhiteElo "2502"]
[BlackElo "2368"]
[PlyCount "86"]
[EventDate "2024.11.08"]
[EventType "swiss"]
[EventRounds "11"]
[EventCountry "MNE"]
[SourceTitle "CB47_2024"]
[SourceDate "2024.11.20"]
[SourceVersion "1"]
[SourceVersionDate "2024.11.20"]
[SourceQuality "1"]

1. c4 e5 2. Nc3 Bb4 3. Nd5 a5 4. Nf3 d6 5. a3 Bc5 6. g3 Nf6 7. d4 exd4 8. Bg5 Nbd7 9. Nxd4 h6 10. Nxf6+ Nxf6 11. Bf4 g5 12. Bc1 Ng4 13. e3 Qf6 14. f3 Ne5 15. Bg2 h5 16. Nb5 Kd8 17. Nc3 Bf5 18. Nd5 Qg7 19. 0-0 c6 20. Nc3 Nxc4 21. Qe2 Ne5 22. Rd1 Ke7 23. Kh1 g4 24. f4 h4 25. fxe5 hxg3 26. exd6+ Kd7 27. Kg1 Rxh2 28. Rf1 Qh7 29. Rxf5 Qxf5 30. Bd2 Rah8 31. Rf1 Qh5 32. Rxf7+ Kd8 33. Rf8+ Rxf8 34. Ne4 Rf2 35. Nxf2 gxf2+ 36. Qxf2 Bxd6 37. Bc3 g3 38. Qf6+ Kc7 39. Qg7+ Kb8 40. Qd4 Rxg2+ 41. Kxg2 Qe2+ 42. Kh3 Qh2+ 43. Kg4 g2 0-1

[Event "EU-ch 24th"]
[Site "Petrovac"]
[Date "2024.11.09"]
[Round "2"]
[White "Asllani, Muhamet"]
[Black "Wallace, John Paul"]
[Result "0-1"]
[WhiteElo "2157"]
[BlackElo "2368"]
[PlyCount "89"]
[EventDate "2024.11.08"]
[EventType "swiss"]
[EventRounds "11"]
[EventCountry "MNE"]
[SourceTitle "CB47_2024"]
[SourceDate "2024.11.20"]
[SourceVersion "1"]
[SourceVersionDate "2024.11.20"]
[SourceQuality "1"]

1. e4 c5 2. Nf3 Nc6 3. d4 cxd4 4. Nxd4 Nf6 5. Nc3 e5 6. Ndb5 d6 7. Bg5 a6 8. Bxf6 gxf6 9. Na3 f5 10. Nd5 fxe4 11. Nc4 Be6 12. Ncb6 Nb4 13. c3 Nxd5 14. Nxd5 Rc8 15. Qa4+ b5 16. Qxe4 f5 17. Qf3 Rc5 18. Nb4 a5 19. Na6 e4 20. Qe3 Re5 21. Qa7 Qe7 22. Nc7+ Kf7 23. Bxb5 Rc5 24. Qxa5 Qxc7 25. Qb4 d5 26. Be2 Bd6 27. Qd4 Be5 28. Qd2 f4 29. Bh5+ Ke7 30. 0-0 Rg8 31. Kh1 f3 32. gxf3 Bf4 33. Qe2 Bxh2 34. Rae1 Qf4 35. Bg4 Qh6 36. Rg1 Bxg1+ 37. Kxg1 Qg5 38. Qa6 Bxg4 39. fxg4 Qxg4+ 40. Kf1 Qh3+ 41. Ke2 Qf3+ 42. Kd2 Qxf2+ 43. Re2 Qf4+ 44. Kc2 Qd6 45. Qa7+ 0-1

[Event "Fagernes Autumn op"]
[Site "Fagernes"]
[Date "2024.10.11"]
[Round "7"]
[White "Wallace, John Paul"]
[Black "Laddha, Shubh Jayesh"]
[Result "1/2-1/2"]
[WhiteElo "2373"]
[BlackElo "2308"]
[PlyCount "89"]
[EventDate "2024.10.06"]
[EventType "swiss"]
[EventRounds "9"]
[EventCountry "NOR"]
[SourceTitle "CB42_2024"]
[Source "ChessBase"]
[SourceDate "2024.10.16"]
[SourceVersion "1"]
[SourceVersionDate "2024.10.16"]
[SourceQuality "1"]

1. c4 e5 2. d3 Nf6 3. Nf3 Nc6 4. a3 g6 5. b4 d6 6. e4 Bg7 7. g3 0-0 8. Bg2 Be6 9. Nc3 h6 10. Nd5 Kh7 11. h4 Nh5 12. Be3 Ne7 13. d4 Nc6 14. dxe5 Nxe5 15. Nxe5 dxe5 16. Bh3 Bxh3 17. Rxh3 c6 18. Nc3 Qc8 19. Rh1 Qe6 20. Qe2 Rfd8 21. Kf1 Rd4 22. c5 Rad8 23. Kg2 Rc4 24. Rac1 Nf4+ 25. gxf4 exf4 26. Bd2 f3+ 27. Kxf3 Bxc3 28. Rxc3 Qf6+ 29. Kg2 Rxd2 30. Qxd2 Rxc3 31. Rh3 Rxh3 32. Kxh3 Qf3+ 33. Kh2 Qxe4 34. Qd7 Qxh4+ 35. Kg1 Qg5+ 36. Kf1 Qc1+ 37. Kg2 Qg5+ 38. Kf1 Kg7 39. Qxb7 Qc1+ 40. Kg2 Qg5+ 41. Kf1 Qd5 42. b5 Qd1+ 43. Kg2 Qg4+ 44. Kf1 Qd1+ 45. Kg2 1/2-1/2

[Event "Fagernes Autumn op"]
[Site "Fagernes"]
[Date "2024.10.08"]
[Round "3"]
[White "Wallace, John Paul"]
[Black "Raja, Rithvik R"]
[Result "0-1"]
[WhiteElo "2373"]
[BlackElo "2514"]
[PlyCount "80"]
[EventDate "2024.10.06"]
[EventType "swiss"]
[EventRounds "9"]
[EventCountry "NOR"]
[SourceTitle "CB42_2024"]
[Source "ChessBase"]
[SourceDate "2024.10.16"]
[SourceVersion "1"]
[SourceVersionDate "2024.10.16"]
[SourceQuality "1"]

1. c4 e6 2. Nc3 d5 3. d4 Nf6 4. cxd5 exd5 5. Bg5 Bb4 6. e3 h6 7. Bf4 Bf5 8. Nge2 0-0 9. Ng3 Bh7 10. Bd3 Bxd3 11. Qxd3 Bd6 12. Bxd6 Qxd6 13. 0-0 Re8 14. Rac1 c6 15. f3 Nbd7 16. e4 dxe4 17. fxe4 Nc5 18. Qc4 Ncxe4 19. Ncxe4 Nxe4 20. Qxf7+ Kh8 21. Nf5 Qf6 22. Qxb7 Nd2 23. Rf2 Ne4 24. Rff1 Nd2 25. Rf2 Ne4 26. Rxc6 Rab8 27. Qxa7 Qf8 28. Rf4 Rxb2 29. h3 Ng3 30. Nxg3 Re1+ 31. Kh2 Qxf4 32. Rc8+ Kh7 33. Qa8 Qxd4 34. Rh8+ Kg6 35. Rxh6+ gxh6 36. Qg8+ Qg7 37. Qd5 Qe5 38. Qg8+ Kf6 39. Qf8+ Ke6 40. Qe8+ Kd5 0-1

[Event "Trondheim Lewis op"]
[Site "Trondheim"]
[Date "2024.08.06"]
[Round "1"]
[White "Keinanen, Anastasia"]
[Black "Wallace, John Paul"]
[Result "1/2-1/2"]
[WhiteElo "2216"]
[BlackElo "2389"]
[PlyCount "91"]
[EventDate "2024.08.06"]
[EventType "swiss"]
[EventRounds "9"]
[EventCountry "NOR"]
[SourceTitle "EXT 2025"]
[Source "ChessBase"]
[SourceDate "2024.10.14"]
[SourceVersion "1"]
[SourceVersionDate "2024.10.14"]
[SourceQuality "1"]

1. e4 c5 2. Nf3 d6 3. Bb5+ Bd7 4. Bxd7+ Nxd7 5. 0-0 Ngf6 6. Re1 e6 7. c3 Be7 8. d4 0-0 9. e5 Ne8 10. Bf4 cxd4 11. cxd4 dxe5 12. dxe5 Nc5 13. Nd4 Qb6 14. Qe2 Rd8 15. Be3 Qa6 16. Qxa6 Nxa6 17. Nc3 Nb4 18. Re2 Nc7 19. Ndb5 Nxb5 20. Nxb5 Rd5 21. Nxa7 Rxe5 22. Kf1 Ra8 23. Rc1 Rxe3 24. fxe3 Rxa7 25. Rc8+ Bf8 26. a3 Nd5 27. e4 Nf4 28. Rd2 g5 29. Rdd8 Ng6 30. Ra8 Rxa8 31. Rxa8 Ne5 32. Rb8 Nc4 33. Rxb7 Nxb2 34. Rxb2 Bxa3 35. Rb5 h6 36. Ke2 Kg7 37. Kf3 Kg6 38. g3 h5 39. e5 g4+ 40. Ke4 Bf8 41. Rb1 Bg7 42. Rf1 Bh6 43. Rf6+ Kg7 44. Kd4 Bg5 45. Rf1 Bd8 46. Ke4 1/2-1/2

[Event "NOR-chT Club"]
[Site "Drammen"]
[Date "2024.05.12"]
[Round "6.1"]
[White "Wallace, John Paul"]
[Black "Stokke, Kjetil"]
[Result "1/2-1/2"]
[WhiteElo "2367"]
[BlackElo "2287"]
[PlyCount "138"]
[EventDate "2024.05.09"]
[EventType "team-swiss"]
[EventRounds "6"]
[EventCountry "NOR"]
[SourceTitle "CBM 220 Extra"]
[Source "ChessBase"]
[SourceDate "2024.07.31"]
[SourceVersion "1"]
[SourceVersionDate "2024.07.31"]
[SourceQuality "1"]
[WhiteTeam "Oslo SK 1911"]
[BlackTeam "Bergens"]
[WhiteTeamCountry "NOR"]
[BlackTeamCountry "NOR"]

1. e4 c5 2. Nf3 Nc6 3. Bb5 g6 4. Bxc6 dxc6 5. d3 Bg7 6. h3 b6 7. a4 a5 8. Na3 Qc7 9. Qe2 Nf6 10. e5 Nd5 11. Nc4 0-0 12. Bd2 h6 13. 0-0 g5 14. h4 g4 15. Nh2 h5 16. Rfe1 Qd7 17. Nf1 Qf5 18. Ng3 Qg6 19. Qe4 Rb8 20. Bg5 Rb7 21. Re2 Be6 22. Kh2 Nb4 23. Rc1 Bd5 24. Qe3 Kh7 25. b3 Na2 26. Rf1 Nc3 27. Ree1 Be6 28. f4 Bf5 29. Nxb6 Rxb6 30. Qxc5 Nd5 31. c4 Rxb3 32. cxd5 cxd5 33. Qxe7 Rxd3 34. Rd1 Rxd1 35. Rxd1 Be4 36. Qc7 Qa6 37. Nxe4 dxe4 38. Qc2 Qb7 39. Rb1 Qa8 40. Re1 Rc8 41. Qxe4+ Qxe4 42. Rxe4 Kg6 43. Rd4 Bf8 44. Rd5 Bc5 45. Rd2 Kf5 46. g3 Be3 47. Re2 Bd4 48. Be7 Rc4 49. Ra2 Ke4 50. Bd8 Bc3 51. Bb6 Rc6 52. Bf2 Bd4 53. Kg2 Bxf2 54. Kxf2 Rc4 55. Re2+ Kd4 56. Rd2+ Ke4 57. Re2+ Kd4 58. Kg2 Rc5 59. e6 fxe6 60. Rxe6 Rc2+ 61. Kf1 Kd3 62. f5 Rc1+ 63. Kf2 Rc2+ 64. Kf1 Rc1+ 65. Re1 Rc5 66. f6 Rf5+ 67. Kg2 Rxf6 68. Re5 Rc6 69. Rxh5 Rc2+ 1/2-1/2

[Event "NOR-ch"]
[Site "Oslo"]
[Date "2023.07.04"]
[Round "5"]
[White "Wallace, John Paul"]
[Black "Al Tarbosh, Ward"]
[Result "1/2-1/2"]
[WhiteElo "2370"]
[BlackElo "2254"]
[PlyCount "132"]
[EventDate "2023.06.30"]
[EventType "swiss"]
[EventRounds "9"]
[EventCountry "NOR"]
[SourceTitle "CBM 215 Extra"]
[Source "ChessBase"]
[SourceDate "2023.09.30"]
[SourceVersion "1"]
[SourceVersionDate "2023.09.30"]
[SourceQuality "1"]

1. e4 c5 2. Nf3 e6 3. d4 cxd4 4. Nxd4 a6 5. c4 Nf6 6. Nc3 Qc7 7. a3 Be7 8. Be3 d6 9. Rc1 Nbd7 10. g4 h5 11. g5 Ng4 12. Bf4 Qb6 13. h3 Nge5 14. Be3 Bxg5 15. Bxg5 Qxd4 16. Qe2 Qb6 17. Rg1 Nc5 18. Rd1 Bd7 19. Be3 Qc6 20. Bg2 Nb3 21. Qc2 Na5 22. b3 Qc7 23. f4 Ng6 24. Bf3 Rc8 25. Ne2 Kf8 26. Rg5 Nh4 27. Bh1 b5 28. Qc3 f6 29. Rg1 Kf7 30. Bf2 Ng6 31. Qg3 Rh6 32. f5 exf5 33. Be3 f4 34. Bxf4 h4 35. Qg2 Rch8 36. Bxh6 Rxh6 37. Nf4 Qc5 38. Ne2 Nxb3 39. Qf2 Qxf2+ 40. Kxf2 bxc4 41. Bg2 Ke7 42. Bf1 Nc5 43. Nc3 Nf4 44. Rxg7+ Kf8 45. Rg1 Ncd3+ 46. Ke3 Nxh3 47. Bxh3 Bxh3 48. Ne2 Bd7 49. Nf4 Nxf4 50. Kxf4 Ke7 51. Rc1 Bb5 52. Rg7+ Ke6 53. a4 Bxa4 54. Rxc4 h3 55. Rcc7 d5 56. exd5+ Kxd5 57. Rh7 Rxh7 58. Rxh7 Bc2 59. Rxh3 Kc4 60. Rh6 a5 61. Rxf6 a4 62. Ke3 Kc3 63. Rc6+ Kb2 64. Kd2 Bb3 65. Ra6 a3 66. Rxa3 Kxa3 1/2-1/2

[Event "NOR-ch"]
[Site "Oslo"]
[Date "2023.07.02"]
[Round "3"]
[White "Wallace, John Paul"]
[Black "Amar, Elham"]
[Result "0-1"]
[WhiteElo "2370"]
[BlackElo "2522"]
[PlyCount "154"]
[EventDate "2023.06.30"]
[EventType "swiss"]
[EventRounds "9"]
[EventCountry "NOR"]
[SourceTitle "CBM 215 Extra"]
[Source "ChessBase"]
[SourceDate "2023.09.30"]
[SourceVersion "1"]
[SourceVersionDate "2023.09.30"]
[SourceQuality "1"]

1. Nf3 d5 2. b3 Nf6 3. Bb2 e6 4. c4 Bd6 5. g3 0-0 6. Bg2 b6 7. 0-0 Bb7 8. cxd5 exd5 9. d4 Re8 10. Nc3 Nbd7 11. Rc1 a6 12. Rc2 Rc8 13. Qc1 Qe7 14. Rd1 c5 15. dxc5 bxc5 16. Nh4 Qe6 17. Rcd2 Nb6 18. e3 Bc6 19. Qa1 Rcd8 20. Rc2 Ng4 21. Re1 Ba8 22. Nf3 Qh6 23. h3 Nxf2 24. Rxf2 Bxg3 25. Qc1 d4 26. exd4 Rxe1+ 27. Qxe1 Bxf3 28. Bxf3 cxd4 29. Ne4 Bxf2+ 30. Qxf2 Qxh3 31. Bxd4 Nd5 32. Qg3 Qxg3+ 33. Nxg3 Nf4 34. Nf5 Ne6 35. Be3 g6 36. Ne7+ Kg7 37. Nc6 Rd6 38. b4 f5 39. a4 f4 40. Ba7 Ng5 41. Bd4+ Kf7 42. Bh1 Ne6 43. Bc3 Rd1+ 44. Kh2 Rc1 45. Be5 Rc2+ 46. Kg1 Rd2 47. b5 axb5 48. axb5 Rd1+ 49. Kh2 Rb1 50. Na7 Re1 51. Bd6 Re2+ 52. Kg1 Rd2 53. Nc8 Ng5 54. Bg2 f3 55. Bf1 Rd1 56. b6 Rb1 57. Kf2 Ne4+ 58. Ke3 Rxf1 59. Kxe4 f2 60. Kf3 Ke6 61. Bc7 Kd7 62. Na7 g5 63. Bg3 g4+ 64. Kg2 Rg1+ 65. Kxf2 Rb1 66. Bc7 Rb3 67. Ke2 h5 68. Kf2 h4 69. Kg2 Rb2+ 70. Kg1 g3 71. Kh1 g2+ 72. Kh2 h3 73. Be5 Rb1 74. Bd4 Rh1+ 75. Kg3 g1Q+ 76. Bxg1 Rxg1+ 77. Kxh3 Rb1 0-1

[Event "Norway Chess op"]
[Site "Stavanger"]
[Date "2023.05.28"]
[Round "2"]
[White "Wallace, John Paul"]
[Black "Vaibhav, Suri"]
[Result "1/2-1/2"]
[WhiteElo "2370"]
[BlackElo "2595"]
[PlyCount "140"]
[EventDate "2023.05.27"]
[EventType "swiss"]
[EventRounds "10"]
[EventCountry "NOR"]
[SourceTitle "CBM 214 Extra"]
[Source "ChessBase"]
[SourceDate "2023.07.31"]
[SourceVersion "1"]
[SourceVersionDate "2023.07.31"]
[SourceQuality "1"]

1. Nf3 d5 2. g3 Nf6 3. Bg2 b5 4. 0-0 e6 5. d3 Bb7 6. e4 Be7 7. exd5 Nxd5 8. c4 Nb4 9. cxb5 a6 10. Nc3 axb5 11. Nxb5 0-0 12. Bd2 Nxd3 13. Qc2 c6 14. Nbd4 Nc5 15. Rfd1 Ncd7 16. h4 Qb6 17. Bg5 Nf6 18. Ne5 Rc8 19. Qe2 c5 20. Nc4 Qa6 21. Bxb7 Qxb7 22. Nxe6 fxe6 23. Qxe6+ Kh8 24. Ne5 Rf8 25. Rd3 c4 26. Rd2 Bb4 27. Rd8 Ra7 28. Bxf6 gxf6 29. Qxf6+ Qg7 30. Qxg7+ Kxg7 31. Rxf8 Bxf8 32. Nxc4 Nc6 33. a3 Rd7 34. Kg2 Be7 35. Rc1 Rd3 36. Ne3 Nd4 37. Rc7 Kf8 38. Nd5 Bd6 39. Rxh7 Rb3 40. Ne3 Be5 41. Nc4 Bg7 42. Rh5 Ke7 43. Rd5 Ne6 44. h5 Nc7 45. Rc5 Ne6 46. Rd5 Nc7 47. Rg5 Ne6 48. Rf5 Nd4 49. Ra5 Ne6 50. Ra7+ Kf8 51. f4 Nc5 52. Nd6 Bxb2 53. a4 Bc3 54. h6 Kg8 55. a5 Ra3 56. Nc4 Ra4 57. Ne5 Bxe5 58. fxe5 Ra3 59. Kh3 Nd3 60. a6 Nxe5 61. Rg7+ Kh8 62. a7 Nc6 63. Kh4 Nxa7 64. g4 Nc6 65. Kh5 Ne5 66. Re7 Re3 67. Re8+ Kh7 68. Re7+ Kh8 69. Re8+ Kh7 70. Re7+ Kh8 1/2-1/2

[Event "Fagernes op-A"]
[Site "Fagernes"]
[Date "2023.04.05"]
[Round "4"]
[White "Wallace, John Paul"]
[Black "Skotheim, Andreas"]
[Result "1-0"]
[WhiteElo "2384"]
[BlackElo "2228"]
[PlyCount "187"]
[EventDate "2023.04.02"]
[EventType "swiss"]
[EventRounds "9"]
[EventCountry "NOR"]
[SourceTitle "CBM 213 Extra"]
[Source "ChessBase"]
[SourceDate "2023.05.31"]
[SourceVersion "1"]
[SourceVersionDate "2023.05.31"]
[SourceQuality "1"]

1. c4 Nf6 2. Nc3 e6 3. e4 d5 4. cxd5 exd5 5. e5 Ne4 6. Nf3 c5 7. Nxe4 dxe4 8. Qa4+ Nc6 9. Qxe4 Be6 10. Bc4 Qd7 11. 0-0 0-0-0 12. b3 Be7 13. Bb2 g5 14. Rad1 g4 15. Bxe6 Qxe6 16. Ne1 h5 17. Nc2 Rd7 18. Rfe1 Rhd8 19. Bc3 Bg5 20. Re2 Rd3 21. Ne3 f5 22. Qc4 Qxc4 23. bxc4 f4 24. Nd5 b5 25. Rf1 bxc4 26. Nf6 f3 27. Re4 Nd4 28. Ba5 Rf8 29. Nh7 Rg8 30. Nxg5 Rxg5 31. e6 Rg8 32. Rfe1 Re8 33. Re5 Kb7 34. Rxc5 Ne2+ 35. Kf1 Rxe6 36. Rb1+ Ka6 37. Bc7 Ra3 38. Rxc4 Rxa2 39. h3 Rg6 40. h4 g3 41. fxg3 Nxg3+ 42. Kf2 Rxd2+ 43. Kxf3 Rd3+ 44. Kf2 Rd2+ 45. Ke3 Ra2 46. Rc5 Ra4 47. Rb3 Re6+ 48. Kf3 Ne4 49. Rd5 Ra2 50. Kf4 Rf2+ 51. Ke3 Nf6+ 52. Kxf2 Nxd5 53. Bd8 Nf6 54. Kf3 Ng4 55. Kf4 Re5 56. Rd3 Kb7 57. Bg5 Kc7 58. Kg3 Rb5 59. Rf3 Ne5 60. Rf6 Rb6 61. Rf5 Rb3+ 62. Kf2 Rb2+ 63. Kf1 Ng4 64. Bf4+ Kd7 65. g3 Nh2+ 66. Ke1 Nf3+ 67. Kd1 Ra2 68. Rxh5 a5 69. Kc1 Ke6 70. Kb1 Rf2 71. Rh8 Kf5 72. h5 a4 73. h6 Kg6 74. Rg8+ Kh7 75. Rg7+ Kh8 76. Ra7 Nd2+ 77. Kc1 Nb3+ 78. Kd1 Rh2 79. Be5+ Kg8 80. Rg7+ Kh8 81. Rc7+ Kg8 82. Rg7+ Kh8 83. Ra7+ Kg8 84. Bf4 Nc5 85. g4 Rh4 86. Be3 Ne6 87. g5 Nf8 88. Ke2 a3 89. g6 Rh2+ 90. Kd3 Nxg6 91. Rg7+ Kh8 92. Rxg6 a2 93. Ra6 Kh7 94. Bd2 1-0

[Event "Kragero op"]
[Site "Kragero"]
[Date "2023.02.25"]
[Round "7"]
[White "Ohanyan, Emin"]
[Black "Wallace, John Paul"]
[Result "0-1"]
[WhiteElo "2385"]
[BlackElo "2349"]
[PlyCount "80"]
[EventDate "2023.02.22"]
[EventType "swiss"]
[EventRounds "9"]
[EventCountry "NOR"]
[SourceTitle "CBM 212 Extra"]
[Source "ChessBase"]
[SourceDate "2023.03.31"]
[SourceVersion "1"]
[SourceVersionDate "2023.03.31"]
[SourceQuality "1"]

1. d4 Nf6 2. c4 g6 3. Nc3 Bg7 4. e4 d6 5. Be2 e5 6. d5 a5 7. g4 Na6 8. Be3 Nc5 9. f3 h5 10. g5 Nh7 11. h4 f6 12. Qd2 fxg5 13. hxg5 0-0 14. 0-0-0 a4 15. Nh3 Rf7 16. Nf2 Bf8 17. f4 Rxf4 18. Bxf4 exf4 19. Nd3 f3 20. Bxf3 Nxg5 21. Bg2 Bh6 22. Kb1 Nf7 23. Qc2 Nxd3 24. Qxd3 Ne5 25. Qd4 Bg4 26. Rdf1 a3 27. Bh3 Bxh3 28. Rxh3 axb2 29. Ne2 Qd7 30. Rg3 Kh7 31. Qc3 Ra4 32. Rd1 Rxa2 33. Kxa2 Qa4+ 34. Qa3 Qxd1 35. Qxb2 Nxc4 36. Nc3 Nxb2 37. Nxd1 Nxd1 38. Rb3 b6 39. Ra3 Bf4 40. Kb3 h4 0-1

[Event "Kragero op"]
[Site "Kragero"]
[Date "2023.02.24"]
[Round "6"]
[White "Wallace, John Paul"]
[Black "Mendonca, Leon Luke"]
[Result "1-0"]
[WhiteElo "2349"]
[BlackElo "2541"]
[PlyCount "81"]
[EventDate "2023.02.22"]
[EventType "swiss"]
[EventRounds "9"]
[EventCountry "NOR"]
[SourceTitle "CBM 212 Extra"]
[Source "ChessBase"]
[SourceDate "2023.03.31"]
[SourceVersion "1"]
[SourceVersionDate "2023.03.31"]
[SourceQuality "1"]

1. c4 Nf6 2. Nc3 e6 3. Nf3 d5 4. cxd5 exd5 5. d4 c6 6. Bf4 Bd6 7. Bxd6 Qxd6 8. e3 0-0 9. Bd3 Bg4 10. Qc2 Bxf3 11. gxf3 a5 12. 0-0-0 a4 13. Nxa4 b5 14. Nc3 Nbd7 15. Kd2 Rfe8 16. Ke1 Qf4 17. Qe2 Qh4 18. a3 Nh5 19. Kd2 Nf4 20. Qf1 Nxd3 21. Kxd3 Qh5 22. Qg2 Qf5+ 23. Ke2 Nb6 24. Rd3 Nc4 25. Nd1 Re6 26. Qg4 Qf6 27. Rg1 g6 28. Qg5 Qg7 29. Kf1 Rf6 30. Kg2 Nd6 31. Nc3 Nc4 32. Rb1 Rf5 33. Qg3 Qh6 34. f4 Nd6 35. Rh1 Rh5 36. Kf1 Re8 37. h3 Nc4 38. Nd1 Nd6 39. Qf3 Rf5 40. Rc3 Ne4 41. Rc2 1-0

[Event "Oslo Offerspill Nordic"]
[Site "Oslo"]
[Date "2020.08.25"]
[Round "5"]
[White "Vestby Ellingsen, Mads"]
[Black "Wallace, John Paul"]
[Result "1-0"]
[WhiteElo "2361"]
[BlackElo "2346"]
[PlyCount "95"]
[EventDate "2020.08.21"]
[EventType "swiss"]
[EventRounds "9"]
[EventCountry "NOR"]
[SourceTitle "CBM 198 Extra"]
[Source "ChessBase"]
[SourceDate "2020.11.30"]
[SourceVersion "1"]
[SourceVersionDate "2020.11.30"]
[SourceQuality "1"]

1. d4 Nf6 2. c4 g6 3. Nc3 Bg7 4. e4 d6 5. Nf3 0-0 6. Be2 e5 7. Be3 Ng4 8. Bg5 f6 9. Bh4 Nc6 10. d5 Ne7 11. Nd2 h5 12. h3 Nh6 13. g4 hxg4 14. hxg4 Nf7 15. Qc2 Bd7 16. 0-0-0 c5 17. Kb1 a6 18. Rdg1 Nc8 19. Bg3 Bh6 20. g5 Bxg5 21. f4 exf4 22. Bxf4 Ne5 23. Bxe5 dxe5 24. Nf3 Nd6 25. Bd3 Qe7 26. Qh2 Qg7 27. Nxg5 fxg5 28. Rxg5 Nf7 29. Rg3 Rad8 30. Qg1 g5 31. Be2 b6 32. Bh5 Qf6 33. Qg2 Be8 34. Rf1 Qh6 35. Bxf7+ Rxf7 36. Rxg5+ Rg7 37. Rxg7+ Qxg7 38. Qxg7+ Kxg7 39. Rf5 b5 40. Rxe5 Bd7 41. Rg5+ Kf6 42. Rh5 Re8 43. Rh6+ Ke5 44. Rh7 b4 45. Rxd7 bxc3 46. bxc3 Kxe4 47. Kc2 Ke3 48. Rc7 1-0